|
|
|
|
| LEADER |
00996nam a2200253 a 4500 |
| 001 |
4138086 |
| 008 |
091104s1977 mau b 001 0 eng d |
| 010 |
|
|
|a \\\77003733
|
| 020 |
|
|
|a 0395253470
|
| 040 |
|
|
|a DLC
|c DLC
|d DLC
|
| 082 |
0 |
0 |
|a 338.1/9
|2 18
|
| 100 |
1 |
|
|a Lappé, Frances Moore.
|
| 245 |
1 |
0 |
|a Food first :
|b beyond the myth of scarcity /
|c Frances Moore Lappé and Joseph Collins, with Cary Fowler.
|
| 260 |
|
|
|a Boston :
|b Houghton-Mifflin,
|c 1977.
|
| 300 |
|
|
|a xi, 466 p. ;
|c 22 cm.
|
| 504 |
|
|
|a Includes bibliographical references (p. [447]-452) and index.
|
| 541 |
1 |
|
|e 00000257
|
| 650 |
|
0 |
|a Food supply.
|
| 650 |
|
0 |
|a Food consumption
|z Developing countries.
|
| 700 |
1 |
|
|a Collins, Joseph,
|d 1945-
|e joint author.
|
| 700 |
1 |
|
|a Fowler, Cary,
|e joint author.
|
| 852 |
4 |
|
|a Ayesha Abed Library
|j General shelf
|
| 999 |
|
|
|c 5124
|d 5124
|
| 952 |
|
|
|0 0
|1 0
|2 ddc
|4 0
|6 338_190000000000000_LAP_1977
|7 0
|9 4982
|a BRACUL
|b BRACUL
|c GEN
|d 2009-11-04
|g 1128.00
|l 0
|o 338.19 LAP
|p 3010000257
|r 2009-11-04
|t 1
|w 2009-11-04
|y BK
|